| 000 | 00827nam a2200217Ii 4500 | ||
|---|---|---|---|
| 003 | JO-AjNU | ||
| 008 | 230605s9999||||xx |||||||||||||| ||und|| | ||
| 017 | _a2008/10/3493 | ||
| 040 |
_aJO-AjNU _bara _erda _cJO-AjNU |
||
| 041 | _aara | ||
| 050 | 1 | 4 | _aLB 3013 .A286 2009 |
| 100 | 3 |
_aأبو نمرة، محمد خميس حسين، م.مشارك نازك عبد الحليم قطيشات, _eauthor _921702 |
|
| 245 | 0 | 0 | _aأساسيات إدارة الصفوف وتنظيمها |
| 250 | _aط1 | ||
| 264 | 3 | 1 | _aعمان: المؤلفان، 2009 |
| 300 |
_a416ص _bيشتمل على ببليوجرافية من ص 909 - 417 |
||
| 336 |
_atext _btxt _2rdacontent |
||
| 337 |
_aunmediated _bn _2rdamedia |
||
| 338 |
_avolume _bnc _2rdacarrier |
||
| 650 | 4 |
_aادارة الصف - المدارس - تنظيم وادارة _921703 |
|
| 999 |
_aA7584 _c11152 _d11152 |
||